Nombra una ciudad española válida - Estadísticas

Estadísticas generales
  • Esta prueba ha sido intentada 2.131 veces
  • La puntuación promedio es 9 de 15
Estadísticas de respuestas
Nombra una ciudad... # Respuestas posibles % Correcto
que empieza con T. 10 Tarrasa | Tarragona | Torrejón de Ardoz | Telde | Torrente | Toledo | Talavera de la Reina | Torrevieja | Torremolinos | Torrelavega
94%
con un club que ha ganado la Primera División. 7 Madrid | Barcelona | Bilbao | Valencia | San Sebastián | La Coruña | Sevilla
92%
en las islas Baleares. 3 Palma | Ibiza | Calviá
89%
que no pertenece a una Comunidad Autónoma. 2 Ceuta | Melilla
88%
cuyo nombre (en castellano) es 3 o 4 letras. 9 Vic | Vigo | León | Jaén | Reus | Lugo | Rubí | Irún | Elda
77%
cuyo nombre termina en "Llobregat". 4 Hospitalet de Llobregat | Cornellá de Llobregat | San Baudilio de Llobregat | El Prat de Llobregat
71%
que limita con otro país. 5 Badajoz | Irún | La Línea de la Concepción | Ceuta | Melilla
66%
que es la más grande de su provincia pero no es la capital. 3 Vigo | Jerez de la Frontera | Gijón
65%
que son capital de su comunidad pero no de su provincia. 2 Santiago de Compostela | Mérida
59%
que limita con el municipio de Barcelona. 5 Santa Coloma de Gramanet | Sardañola del Vallés | San Cugat del Vallés | Hospitalet de Llobregat | El Prat de Llobregat
47%
de la Comunidad de Madrid pero con una población inferior a 100 mil. 13 Las Rozas de Madrid | San Sebastián de los Reyes | Pozuelo de Alarcón | Valdemoro | Coslada | Majadahonda | Collado Villalba | Boadilla del Monte | Aranjuez | Arganda del Rey | Colmenar Viejo | Pinto | Tres Cantos
46%
cuya población ha aumentado por 100 mil desde 1981 (excluyendo Madrid). 8 Murcia | Palma | Zaragoza | Alicante | Málaga | Fuenlabrada | Rivas-Vaciamadrid | Marbella
46%
cuyo topónimo oficial falta una sola letra de su nombre en castellano. 4 La Coruña | Sagunto | Castellón de la Plana | Torrente
28%
cuya población ha disminuido por 10 mil desde 1981. 9 Bilbao | Cádiz | Barcelona | Ferrol | Valladolid | Santa Coloma de Gramanet | Avilés | Baracaldo | Granada
27%
que se pasa por la ruta E-80. 5 Salamanca | Valladolid | Burgos | Vitoria | San Sebastián
18%
No se encontraron pruebas coincidentes
Distribución de puntuación
Porcentaje de gente con cada puntuación
Porcentaje por número respondido
Historial de tus puntuaciones
No has intentado esta prueba.